000 00886nam a22002777a 4500
003 CHAP
005 20220329134648.0
008 971013s1982 r 00010 d
010 _a23851
011 _a24823
035 _a28923
040 _cCHAP
082 _a635.93365
_bC6
110 _aComisión Nacional de Fruticultura. México
_925772
245 _aProducción comercial del crisantemo
260 _aMéxico, D. F. :
_b(s.e.),
_c1982
300 _a83 p.
_b: ilus.
590 _aBATCH-UPD
_b10
_c20130110
_lUCH01
_h2110
590 _aCONVERSION
_b10
_c20130109
_lUCH01
_h1314
650 1 4 _aCrisantemo.
_928941
901 _aBK
942 _cLIBRO
949 _a635.93365 C6
_bBC
_cESP
_d-66872
_eESP
_fc.3
_h59918
_i28923
_si
949 _a635.93365 C6
_bBC
_cLIBRO
_d-66870
_eLIBRO
_h59918
_i28923
_mD
_si
949 _a635.93365 C6
_bBC
_cLIBRO
_d33724000681367
_eLIBRO
_fc.2
_h63374
_i28923
_si
999 _c23851
_d23851